|
|
|
|
| LEADER |
00000naa2a2200000 4500 |
| 001 |
175786 |
| 005 |
20231031165144.0 |
| 035 |
|
|
|a (RuTPU)RU\TPU\book\190584
|
| 035 |
|
|
|a RU\TPU\tpu\793
|
| 090 |
|
|
|a 175786
|
| 100 |
|
|
|a 20100217d1967 k y0rusy50 ca
|
| 101 |
0 |
|
|a rus
|
| 102 |
|
|
|a RU
|
| 200 |
1 |
|
|a Электрические свойства монокристаллов фторидов щелочноземельных металлов и изменение их под действием Y-облучения
|f Е. К. Завадовская, В. А. Чернышев, Л. А. Лисицына
|
| 320 |
|
|
|a Библиогр.: 8 назв.
|
| 463 |
|
0 |
|0 (RuTPU)RU\TPU\book\45753
|t Радиационная физика неметаллических кристаллов
|o Труды совещания, 8-15 сентября 1965 г., Киев
|f Академия Наук СССР; Академия наук Украинской ССР; Государственный комитет по использованию атомной энергии Совета Министров СССР
|v С. 330-335
|d 1967
|p 451 с.
|
| 610 |
1 |
|
|a физика
|
| 610 |
1 |
|
|a труды учёных ТПУ
|
| 700 |
|
1 |
|a Завадовская
|b Е. К.
|c российский физик
|c профессор кафедры физики твердого тела Томского политехнического института
|f 1913-2004
|g Екатерина Константиновна
|2 stltpush
|3 (RuTPU)RU\TPU\pers\19787
|
| 701 |
|
1 |
|a Чернышев
|b В. А.
|
| 701 |
|
1 |
|a Лисицына
|b Л. А.
|
| 801 |
|
0 |
|a RU
|b 63413507
|c 20011210
|g PSBO
|
| 801 |
|
2 |
|a RU
|b 63413507
|c 20100217
|g PSBO
|
| 942 |
|
|
|c BK
|